Some bifurcation problems of stability /
Zapisane w:
| 1. autor: | |
|---|---|
| Format: | Artykuł |
| Język: | English |
| Hasła przedmiotowe: | |
| Etykiety: |
Dodaj etykietę
Nie ma etykietki, Dołącz pierwszą etykiete!
|
| Thư viện lưu trữ: | Thư viện Trường Đại học Đà Lạt |
|---|
| LEADER | 00830nam a2200289 4500 | ||
|---|---|---|---|
| 001 | DLU090079421 | ||
| 005 | ##20090608 | ||
| 040 | # | # | |a DLU |b eng |
| 041 | # | # | |a eng |
| 044 | # | # | |a UK |
| 100 | # | # | |a Goltser, Ya. M. |
| 245 | # | # | |a Some bifurcation problems of stability / |c Ya. M. Goltser. |
| 653 | # | # | |a Bifurcation |
| 653 | # | # | |a Invariant torus |
| 653 | # | # | |a Lyapunov's method |
| 653 | # | # | |a Normal forms |
| 653 | # | # | |a Stability |
| 773 | # | # | |t Nonlinear Analysis, Theory, Methods & Applications |g Vol. 30, part 3 (December 1997), p. 1461-1467 |
| 920 | # | # | |a Phòng Tạp chí -- Trung tâm Thông tin - Thư viện Trường Đại học Đà Lạt |
| 994 | # | # | |a DLU |
| 900 | # | # | |a True |
| 911 | # | # | |a Trương Bảo Trâm Anh |
| 925 | # | # | |a G |
| 926 | # | # | |a A |
| 927 | # | # | |a BB |
| 980 | # | # | |a Thư viện Trường Đại học Đà Lạt |